书目信息 |
| 题名: |
口语文化与书面文化
|
|
| 作者: | 翁 , Ong 著 ;何道宽 译 | |
| 分册: | ||
| 出版信息: | 北京 北京大学出版社 2008.08 |
|
| 页数: | 173页 | |
| 开本: | 23cm | |
| 丛书名: | 未名社科·媒介环境学译丛 | |
| 单 册: | ||
| 中图分类: | H003 | |
| 科图分类: | ||
| 主题词: | 口语--研究 , 书面语--研究 , 口语 , 书面语 | |
| 电子资源: | ||
| ISBN: | 978-7-301-14162-5 | |
| 000 | 01168oam2 2200349 450 | |
| 001 | 010010016738 | |
| 005 | 20091208155511.14 | |
| 010 | @a978-7-301-14162-5@dCNY25.00 | |
| 100 | @a20080905d2008 em y0chiy0110 ea | |
| 101 | 1 | @achi@ceng |
| 102 | @aCN@b110000 | |
| 105 | @ay z 001yy | |
| 106 | @ar | |
| 200 | 1 | @a口语文化与书面文化@9kou yu wen hua yu shu mian wen hua@e语词的技术化@f(美)沃尔特·翁(Walter J. Ong)著@g何道宽译 |
| 210 | @a北京@c北京大学出版社@d2008.08 | |
| 215 | @a173页@d23cm | |
| 225 | 2 | @a未名社科·媒介环境学译丛 |
| 320 | @a有索引 | |
| 330 | @a本书内容包括:语言的口语属性、原生口语文化的现代发现、口语文化的心理动力学问题、文字对意识的重构等。 | |
| 461 | 0 | @12001 @a未名社科·媒介环境学译丛@1701 0@a何道宽@4主编 |
| 510 | 1 | @aOrality and Literacy@ethe technologizing of the word@zeng |
| 517 | 1 | @a语词的技术化@9yu ci de ji shu hua |
| 606 | 0 | @a口语@x研究 |
| 606 | 0 | @a书面语@x研究 |
| 606 | 0 | @a口语 |
| 606 | 0 | @a书面语 |
| 690 | @aH003@v4 | |
| 701 | 1 | @a翁@9weng@bW.J.@4著 |
| 701 | 1 | @aOng@bWalter J.@4著 |
| 702 | 0 | @a何道宽@9he dao kuan@4译 |
| 801 | 0 | @aCN@bRENTIAN@c20091208 |
| 905 | @b20795069-73@dH003@e184@f5 | |
| 口语文化与书面文化:语词的技术化/(美)沃尔特·翁(Walter J. Ong)著/何道宽译.-北京:北京大学出版社,2008.08 |
| 173页;23cm.-(未名社科·媒介环境学译丛) |
| ISBN 978-7-301-14162-5:CNY25.00 |
| 本书内容包括:语言的口语属性、原生口语文化的现代发现、口语文化的心理动力学问题、文字对意识的重构等。 |
| ● |
| 相关链接 |
|
|
|
|
正题名:口语文化与书面文化
索取号:H003/184
 
预约/预借
| 序号 | 登录号 | 条形码 | 馆藏地/架位号 | 状态 | 备注 |
| 1 | 795069 | 207950699 | 第二样本阅览室/ [索取号:H003/184] | 在馆 | |
| 2 | 795070 | 207950706 | 第四借阅区/ [索取号:H003/184] | 在馆 | |
| 3 | 795071 | 207950715 | 第四借阅区/ [索取号:H003/184] | 在馆 | |
| 4 | 795072 | 207950724 | 第四借阅区/ [索取号:H003/184] | 在馆 | |
| 5 | 795073 | 207950733 | 密集书库-文学院/ [索取号:H003/184] | 在馆 |